Simulación para cuantificar la eficiencia de la prueba de Bartlett y la prueba de Cochran para igualdad de variancias, en análisis de la variancia. Comparación entre Bartlett y Cochran.

Guardado en:
Autor Principal: Sylvester, Gerardo A.
Autor Corporativo: Grupo de Estudio Trabajo Carlos Dieulefait.
Otros Autores: Moretto de Donato, Nélida., Luis de Salas, Silvia., Toscana de Caplan, Lidia., Pereira, María de Fátima.
Formato: Libro
Idioma:Spanish
Publicado: Bahía Blanca : [Grupo de Estudio-Trabajo Carlos Dieulefait, Universidad Nacional del Sur], 1984.
Etiquetas: Agregar Etiqueta
Sin Etiquetas, Sea el primero en etiquetar este registro!
LEADER 01135nam a22002055a 4500
001 MAT.inmabb006741
008 120919s1984####ag#a##########000#0#spa#d
005 20151118144559.0
245 1 0 |a Simulación para cuantificar la eficiencia de la prueba de Bartlett y la prueba de Cochran para igualdad de variancias, en análisis de la variancia. Comparación entre Bartlett y Cochran. 
260 |a Bahía Blanca :  |b [Grupo de Estudio-Trabajo Carlos Dieulefait, Universidad Nacional del Sur],  |c 1984. 
300 |a 32 h. :  |b il. ;  |c 28 cm. 
500 |a "Este trabajo fue confeccionado por el Grupo de Estudio-Trabajo Carlos Dieulefait de la Universidad Nacional del Sur. Integraron el equipo de trabajo: Gerardo Sylvester, Nélida Moretto de Donato, Silvia Luis de Salas, Lidia Toscana de Caplan, María de Fátima Pereira". 
100 1 |a Sylvester, Gerardo A. 
700 1 |a Moretto de Donato, Nélida. 
700 1 |a Luis de Salas, Silvia. 
700 1 |a Toscana de Caplan, Lidia. 
700 1 |a Pereira, María de Fátima. 
710 2 |a Grupo de Estudio Trabajo Carlos Dieulefait. 
084 |a 62J10  |2 msc2000 
859 |h 62  |i Sy985c  |p A-5598  |b BIB. MATEMATICA